[Event "AUTO-ADV-224"]
[Site "http://www.queenalice.com/game.php?id=93746"]
[Date "2006.8.8"]
[Round "1"]
[White "raindrop"]
[Black "adilson_camargo"]
[Result "1-0"]
[WhiteElo "1864"]
[BlackElo "1401"]

1. d4 d5 2. c4 c5 3. dxc5 d4 4. Nf3 Nc6 5. Bf4 Bg4 6. Nbd2 e6 7. Ne4 Bxf3 8.
gxf3 Nf6 9. Bg5 Be7 10. Nxf6+ Bxf6 11. Bxf6 Qxf6 12. e3 dxe3 13. fxe3 1-0

[Event "AUTO-ADV-224"]
[Site "http://www.queenalice.com/game.php?id=93753"]
[Date "2006.8.8"]
[Round "1"]
[White "raindrop"]
[Black "Artking"]
[Result "0-1"]
[WhiteElo "1899"]
[BlackElo "1796"]

1. e4 c5 2. d4 cxd4 3. c3 d3 4. Bxd3 a6 5. Nf3 d6 6. Be3 Nc6 7. O-O Nf6 8. Re1
g6 9. Bc4 Bg7 10. Qd2 Bd7 11. Bf4 Rc8 12. b3 b5 13. Bd5 Nh5 14. e5 e6 15. exd6
Nxf4 16. Qxf4 b4 17. Bxc6 Rxc6 18. Qxb4 O-O 19. Nd4 Rb6 20. Qa3 Bc8 21. Nd2 Rxd6
22. N2f3 Bb7 23. Re3 Bxf3 24. Rxf3 e5 25. Ne2 Rd1+ 0-1

[Event "AUTO-ADV-224"]
[Site "http://www.queenalice.com/game.php?id=93754"]
[Date "2006.8.8"]
[Round "1"]
[White "Artking"]
[Black "raindrop"]
[Result "1-0"]
[WhiteElo "1850"]
[BlackElo "1879"]

1. e4 e5 2. Nf3 Nc6 3. Bb5 a6 4. Ba4 Nf6 5. O-O Be7 6. c3 b5 7. Bc2 O-O 8. d3 d5
9. Nbd2 dxe4 10. dxe4 Bg4 11. a4 b4 12. h3 Bh5 13. a5 Rb8 14. Qe2 bxc3 15. bxc3
Bxf3 16. Nxf3 Qc8 17. Ba4 Nxa5 18. Bc2 Nc6 19. Rxa6 Rb6 20. Be3 Rxa6 21. Qb5 Na7
22. Qxe5 Bd6 23. Qg5 h6 24. Qh4 Re8 25. g4 Nxe4 26. g5 hxg5 27. Bxg5 Nxg5 28.
Nxg5 Kf8 29. Qh8+ Ke7 30. Re1+ Be5 31. Qxg7 Ra5 32. Rxe5+ Rxe5 33. Qxe5+ Kf8 34.
Nh7+ Kg8 35. Qg5+ 1-0

[Event "AUTO-OPEN-242"]
[Site "http://www.queenalice.com/game.php?id=123643"]
[Date "2006.10.30"]
[Round "2"]
[White "Boeing"]
[Black "raindrop"]
[Result "1-0"]
[WhiteElo "1819"]
[BlackElo "1824"]

1. e4 e5 2. Nf3 Nc6 3. Bb5 a6 4. Bxc6 dxc6 5. Nxe5 Qd4 6. Nd3 Qxe4+ 7. Qe2 Qxe2+
8. Kxe2 Nf6 9. Re1 Be6 10. Ne5 O-O-O 11. f4 Bd6 12. d4 Bxe5 13. fxe5 Bg4+ 14.
Kf2 1-0

[Event "AUTO-OPEN-242"]
[Site "http://www.queenalice.com/game.php?id=123644"]
[Date "2006.10.30"]
[Round "2"]
[White "raindrop"]
[Black "Boeing"]
[Result "0-1"]
[WhiteElo "1794"]
[BlackElo "1824"]

1. e4 e5 2. Nf3 d6 3. d4 exd4 4. Nxd4 c5 5. Nf3 Bg4 6. Bc4 h6 7. Nc3 Nf6 8. e5
Bxf3 9. Qxf3 dxe5 10. Qxb7 Nbd7 11. Qb3 Qe7 12. Nd5 Rb8 13. Nxe7 Rxb3 14. axb3
Bxe7 0-1

[Event "AUTO-OPEN-242"]
[Site "http://www.queenalice.com/game.php?id=123653"]
[Date "2006.10.30"]
[Round "2"]
[White "Luciano_Matte"]
[Black "raindrop"]
[Result "1-0"]
[WhiteElo "1999"]
[BlackElo "1868"]

1. c4 e5 2. Nc3 Nf6 3. g3 d5 4. cxd5 Nxd5 5. Bg2 Nb6 6. d3 Bb4 7. Bd2 O-O 8. a3
Bxc3 9. Bxc3 Re8 10. Nf3 Nc6 11. b4 Nd5 12. Bb2 f5 13. O-O e4 14. dxe4 fxe4 15.
Nd4 Ne5 16. Bxe4 Nc4 17. Bxd5+ Qxd5 18. Qb3 Bh3 19. f3 Bxf1 20. e4 Qf7 21. Rxf1
Nd2 22. Qxf7+ Kxf7 23. Rd1 Nc4 24. Bc1 Rad8 25. Bf4 Rd7 26. Kf2 Red8 27. Be3 b6
28. b5 Nxa3 29. Ra1 Nc4 30. Nc6 Re8 31. Rxa7 Nxe3 32. Kxe3 Ke6 33. f4 Kd6 34.
Kd4 Ke6+ 35. Ke3 Rc8 36. Ra1 g6 37. Ne5 Rg7 38. h4 h5 39. Rc1 Rd8 40. Nc6 Ra8
41. Nd4+ Kd7 42. Nc6 Ra3+ 43. Kd4 Rxg3 44. Ne5+ Ke8 45. Kd5 Rh3 46. Ke6 Ra3 47.
f5 gxf5 48. exf5 1-0

[Event "AUTO-OPEN-242"]
[Site "http://www.queenalice.com/game.php?id=123654"]
[Date "2006.10.30"]
[Round "2"]
[White "raindrop"]
[Black "Luciano_Matte"]
[Result "0-1"]
[WhiteElo "1880"]
[BlackElo "1987"]

1. e4 e6 2. d4 d5 3. Nc3 Bb4 4. exd5 exd5 5. Bd2 Nf6 6. Nf3 O-O 7. Be2 Re8 8.
O-O Bg4 9. Re1 Nbd7 10. a3 Bd6 11. Nb5 Bf8 12. Bg5 c6 13. Nc3 h6 14. Bh4 Qc7 15.
Ne5 Bxe2 16. Qxe2 Bd6 17. f4 Ne4 18. Nxe4 dxe4 19. Qh5 Nxe5 20. fxe5 Be7 21.
Rxe4 Bxh4 22. Qxh4 c5 23. c3 cxd4 24. cxd4 Qc2 25. b4 Qd3 26. Rg4 Qe3+ 27. Kh1
Rac8 28. h3 Rc2 29. Qf6 g6 30. h4 Rf2 31. Qd6 Qe2 32. Qd7 Re6 33. Rg3 Qe4 34.
Qd8+ Kg7 35. Rc1 Qf4 36. Rc8 Re8 37. Qf6+ Qxf6 38. exf6+ Kf8 39. Rc7 Rxf6 40.
Rxb7 a6 41. Rc7 Re4 42. Rd3 Rxh4+ 43. Kg1 Rd6 44. d5 Rh5 45. Rc6 Ke7 46. Rc7+
Rd7 47. d6+ Kd8 48. Rc6 a5 49. Ra6 Rb7 0-1

[Event "AUTO-OPEN-242"]
[Site "http://www.queenalice.com/game.php?id=123661"]
[Date "2006.10.30"]
[Round "2"]
[White "raindrop"]
[Black "plutochess"]
[Result "0-1"]
[WhiteElo "1840"]
[BlackElo "1845"]

1. e4 c6 2. d4 d5 3. Nc3 dxe4 4. Nxe4 Bf5 5. Ng3 Bg6 6. Nf3 Nf6 7. Bc4 e6 8. O-O
Be7 9. Bf4 O-O 10. Re1 Nbd7 11. Qe2 Nb6 12. Bb3 Nbd5 13. Bg5 h6 14. Bh4 Rc8 15.
Ne5 Bh7 16. c4 Nf4 17. Qe3 Ng6 18. Nxg6 Bxg6 19. Rad1 Ng4 20. Bxe7 Nxe3 21. Bxd8
Nxd1 22. Be7 Rfe8 0-1

[Event "AUTO-OPEN-242"]
[Site "http://www.queenalice.com/game.php?id=123662"]
[Date "2006.10.30"]
[Round "2"]
[White "plutochess"]
[Black "raindrop"]
[Result "1-0"]
[WhiteElo "1828"]
[BlackElo "1857"]

1. e4 e5 2. Nc3 Nc6 3. Bb5 Nf6 4. Nf3 d6 5. Bxc6+ bxc6 6. O-O Bg4 7. h3 Bh5 8.
Qe2 Be7 9. Qe3 O-O 10. g4 Bg6 11. b3 Re8 12. Bb2 d5 13. d3 d4 14. Qd2 dxc3 15.
Qxc3 Qc8 16. Nxe5 Qe6 17. Nxc6 Bf8 18. e5 Nd5 19. Qc4 Qd7 20. Rae1 Nb6 21. Qc3
1-0

[Event "AUTO-OPEN-244"]
[Site "http://www.queenalice.com/game.php?id=125655"]
[Date "2006.11.5"]
[Round "2"]
[White "aesnihc"]
[Black "raindrop"]
[Result "0-1"]
[WhiteElo "1872"]
[BlackElo "1872"]

1. e4 e5 2. Nf3 Nc6 3. Bc4 Nf6 4. Ng5 d5 5. exd5 Na5 6. Bb5+ c6 7. dxc6 bxc6 8.
Ba4 h6 9. Nf3 e4 10. Ne5 Qd4 11. Bxc6+ Nxc6 12. Nxc6 Qd5 13. Nxa7 Rxa7 14. O-O
Bd6 15. Nc3 Qc6 16. d3 O-O 17. dxe4 Bb7 18. Re1 Re8 19. f3 Bc5+ 20. Kh1 Nh5 21.
Nd5 Re5 22. c4 Ng3+ 0-1

[Event "AUTO-OPEN-244"]
[Site "http://www.queenalice.com/game.php?id=125656"]
[Date "2006.11.5"]
[Round "2"]
[White "raindrop"]
[Black "aesnihc"]
[Result "0-1"]
[WhiteElo "1808"]
[BlackElo "1856"]

1. e4 c5 2. Nf3 Nc6 3. d4 cxd4 4. Nxd4 d6 5. Nc3 Nf6 6. Bc4 e6 7. O-O a6 8. Be3
Be7 9. Nf3 O-O 10. Re1 b5 11. Bd3 Bb7 12. Bg5 h6 13. Bh4 Ng4 14. Bxe7 Qxe7 15.
Ne2 Nce5 16. Nxe5 Nxe5 17. Ng3 Rac8 18. f4 Nxd3 19. Qxd3 Rfd8 20. f5 d5 21. e5
Rc7 22. Nh5 Qg5 23. Ng3 d4 24. fxe6 fxe6 25. Qb3 Bd5 26. Qd3 h5 27. Qxd4 h4 28.
Ne4 Qg4 29. Nf6+ gxf6 30. Qxg4+ Rg7 31. Qe2 Rxg2+ 32. Qxg2+ Bxg2 33. Kxg2 Rd2+
0-1

[Event "AUTO-OPEN-241"]
[Site "http://www.queenalice.com/game.php?id=128002"]
[Date "2006.11.11"]
[Round "2"]
[White "raindrop"]
[Black "smurilo"]
[Result "0-1"]
[WhiteElo "1884"]
[BlackElo "2230"]

1. e4 d6 2. d4 Nf6 3. Nc3 g6 4. Be3 c6 5. Qd2 b5 6. Nf3 b4 7. Ne2 Nxe4 8. Qxb4
Qb6 9. Qa3 d5 10. b3 Bg4 11. Ne5 e6 12. Qb2 Bxe2 13. Bxe2 Bb4+ 14. Kf1 Bc3 15.
Qb1 Bxd4 16. Bxd4 Qxd4 17. Ng4 Nd2+ 18. Ke1 Nxb1 19. Rxb1 Na6 20. Ne3 Nb4 21.
Rd1 Qc3+ 22. Rd2 d4 23. Nd1 Nxc2+ 24. Kf1 Qxd2 25. g3 Qe1+ 26. Kg2 Qxe2 27. Rg1
Ne3+ 28. Kh1 Qf3+ 0-1

[Event "AUTO-OPEN-241"]
[Site "http://www.queenalice.com/game.php?id=128003"]
[Date "2006.11.11"]
[Round "2"]
[White "smurilo"]
[Black "raindrop"]
[Result "1-0"]
[WhiteElo "2228"]
[BlackElo "1886"]

1. c4 e5 2. Nc3 Nf6 3. Nf3 Nc6 4. g3 Bb4 5. Nd5 Nxd5 6. cxd5 Ne7 7. Nxe5 Nxd5 8.
Qb3 c6 9. Bg2 Qg5 10. Bxd5 cxd5 11. Nxf7 Kxf7 12. Qxb4 Ke8 13. d3 Qf6 14. Be3 d6
15. Qb5+ Kd8 16. Qxd5 Kd7 17. Qb5+ Ke7 18. Bg5 Qxg5 19. Qxg5+ Kf7 20. Rc1 Bd7
21. Rc7 Ke6 22. e4 Rac8 23. Qf5+ Ke7 24. Rxd7+ Ke8 25. Qf7# 1-0

[Event "AUTO-OPEN-245"]
[Site "http://www.queenalice.com/game.php?id=128158"]
[Date "2006.11.11"]
[Round "2"]
[White "raindrop"]
[Black "smurilo"]
[Result "0-1"]
[WhiteElo "1888"]
[BlackElo "2226"]

1. e4 d6 2. d4 Nf6 3. Nc3 g6 4. Bc4 Bg7 5. h3 O-O 6. Nf3 Nxe4 7. Nxe4 d5 8. Bxd5
Qxd5 9. Nc3 Qd8 10. Bf4 Nc6 11. d5 Nb4 12. O-O Bf5 13. Rc1 Bxc3 14. bxc3 Nxd5
15. Qd4 c5 16. Qc4 b5 17. Qxc5 Nxf4 18. Qxb5 Be4 19. Nh4 e5 20. Qxe5 Qxh4 21.
Rfe1 Bxg2 22. Qe3 Rae8 23. Qxa7 Qxh3 24. Rxe8 Qh1# 0-1

[Event "AUTO-OPEN-245"]
[Site "http://www.queenalice.com/game.php?id=128159"]
[Date "2006.11.11"]
[Round "2"]
[White "smurilo"]
[Black "raindrop"]
[Result "1-0"]
[WhiteElo "2234"]
[BlackElo "1882"]

1. c4 e5 2. Nc3 Nf6 3. Nf3 Nc6 4. g3 Bb4 5. Nd5 Nxd5 6. cxd5 Ne7 7. Nxe5 Nxd5 8.
Qb3 c6 9. Bg2 Qe7 10. Bxd5 cxd5 11. Qxd5 d6 12. Nc6 bxc6 13. Qxc6+ Kd8 14. Qxa8
Re8 15. e3 Qd7 16. O-O Ke7 17. Qe4+ Kf8 18. Qxb4 Qc6 19. f3 Bh3 20. Rf2 Rc8 21.
Qc3 Qa6 22. Qa3 Qc6 23. b3 Kg8 24. Bb2 Qd7 25. Qb4 Qc6 26. Qd4 f6 27. Qxa7 Qc2
28. Qd4 Rc6 29. d3 1-0